| 000 | 00464nam a2200181Ia 4500 | ||
|---|---|---|---|
| 001 | 10358 | ||
| 005 | 20260306161826.0 | ||
| 008 | 260306t1996||||xx |||||||||||||| ||spa|| | ||
| 041 | _aESP | ||
| 082 |
_a920.85 _bB38 |
||
| 100 |
_aDe Belaunde Ruiz de Somocurcio, Javier _eAUT |
||
| 245 | 0 |
_aPolítico por vocación: _btestimonio y memorias |
|
| 260 | _c1996 | ||
| 300 |
_a682 páginas : _c24 cm. |
||
| 650 | _aGEN | ||
| 654 | _aCHU | ||
| 942 |
_cLIB _dJUS _fJUS _2ddc _n |
||
| 999 |
_c10358 _d10358 |
||